Statistiques concernant Quiz sur la Tchétchénie

Cliquez ici pour prendre le quiz!

Statistiques générales

  • Ce quiz a été pris 220 fois
    (70 depuis la dernière actualisation)
  • Le résultat moyen est 11 sur 22

Statistiques - réponses

QuestionRéponse% Correct
Pays dans lequel se situe cette régionRussie
98%
Langues officiellesTchétchène / Russe
88%
Religion la plus pratiquée par les tchétchènesIslam
82%
Sport "national"Lutte
82%
CapitaleGrozny
78%
Animal symboleLoup
78%
Que se passe-t-il dans la région depuis les années 1990 ?Guerre
71%
Youtubeur français d'origine tchétchèneIbraTV
67%
Pays limitropheGéorgie
65%
Président de cette subdivision, très controverséRamzan Kadyrov
65%
Combattant (MMA) français d'origine tchétchèneBaïssangour "Baki"
57%
Ressource naturelle qui constitue une part de son économiePétrole
47%
En quelle année la région a-t-elle proclamée son indépendance ?1992
45%
Chaîne de montagnesCaucase
45%
Subdivisions/Sujets fédéraux [régions] limitrophesDaghestan
45%
Ingouchie
37%
En 1999, Vladimir Poutine déclare vouloir
« buter les terroristes tchétchènes jusque dans les ______ »
"chiottes"
33%
Nombre d'habitants (arrondi à la centaine de milliers)1 500 000
24%
Ossétie du Nord
12%
Documentaire français sorti en 2007 tourné en TchétchénieItchkéri Kenti
2%
Krai de Stavropol
2%
Rappeur français d'origine tchétchèneSi tu sais, dis RIEN
0%

Distribution des résultats

Percentile par nombre de réponses

% des personnes avec chaque résultat

Votre développement - résultats

Vous n’avez pas pris ce quiz depuis la dernière actualisation